Score 0/24 Timer 05:00
3 Plays Today
Way Missing Word % Correct
______ Gate BridgeGolden
94.7%
Hollywood Walk of ____Fame
93.7%
_____ RoadAbbey
93.4%
______ Brick RoadYellow
93.3%
The Las _____ StripVegas
92.5%
____ StreetWall
89%
______ StreetSesame
88.6%
___ StreetElm
86.8%
The _____-Siberian RailwayTrans
84.4%
Saks _____ AvenueFifth
83.3%
______ CanalPanama
81.6%
____ CanalErie
75.6%
Way Missing Word % Correct
____________ AvenuePennsylvania
73.7%
____ CanalSuez
72%
Avenue des ______-ÉlyséesChamps
67.4%
_____ StreetBaker
66.1%
______ TrailOregon
65.3%
_______ StreetBourbon
65%
_______ StreetDowning
64.9%
The London ___________Underground
63.1%
_______ TunnelLincoln
62.6%
_____ BridgeTower
58%
Sydney _______ BridgeHarbour
42.4%
London __________ FootbridgeMillennium
27.6%

Today's Daily Dose

Remove Ads.
Support Sporcle.
Get the best of Sporcle when you Go Orange. This ad-free experience offers more features, more stats, and more fun while also helping to support Sporcle. Thank you for becoming a member.

You're not logged in!

Compare scores with friends on all Sporcle quizzes.
OR
Log In

Show Comments

Extras

Top Quizzes Today


Score Distribution

Your Account Isn't Verified!

In order to create a playlist on Sporcle, you need to verify the email address you used during registration. Go to your Sporcle Settings to finish the process.

Report this User

Report this user for behavior that violates our Community Guidelines.

Details: